| 000 | 00000nam##2200000za#4500 |
| 001 | 9.572379 |
| 003 | CaOODSP |
| 005 | 20210929082754 |
| 007 | cr ||||||||||| |
| 008 | 150406|2001||||xxc|||||o f|0| 0 eng|d |
| 040 | |aCaOODSP|beng |
| 043 | |an-cn--- |
| 086 | 1 |aFo29-47/24-2001E-PDF |
| 110 | 1 |aCanada. |bNatural Resources Canada. |bCanadian Forest Service. |
| 245 | 10|aPolygon decomposition - a procedure for using remotely sensed data to supplement GIS forest inventories|h[electronic resource]|c[by] Mike Wulder, Steven E. Franklin, and Mike B. Lavigne. |
| 260 | |aVictoria - British Columbia : |bNatural Resources Canada. |cFebruary 2001. |
| 300 | |a4p.|bcoloured figs. |
| 490 | 1 |aTechnology transfer note|vNo. 24 |
| 500 | |aThe catalogue number (Fo29-47/24-2001E) and ISBN (0-662-299-29-9) for the print edition have been incorrectly copied in this electronic publication. |
| 504 | |aBibliography. |
| 590 | |a11-30-Supp|b2011-12-02 |
| 690 | 07|aGeographic information systems|2gcpds |
| 690 | 07|aForest management|2gcpds |
| 690 | 07|aAerial photography|2gcpds |
| 720 | 1 |aWulder, Mike |
| 720 | 1 |aFranklin, Steven E. |
| 720 | 1 |aLavigne, Mike B. |
| 775 | 08|tLa décomposition polygonale - une procédure d'utilisation des données de télédétection pour bonifier les inventaires forestiers sur SIG|w(CaOODSP)9.604829 |
| 776 | 0#|tPolygon decomposition - a procedure for using remotely sensed data to supplement GIS forest inventories|w(CaOODSP)9.615485 |
| 830 | #0|aTechnology transfer note ;|vNo. 24|w(CaOODSP)9.504768 |
| 856 | 40|ahttp://publications.gc.ca|qPDF|s171 KB|uhttps://publications.gc.ca/collections/Collection/Fo29-47-24-2001E.pdf|yNo. 24 |